Random Animals in Spanish - Statistics

General Stats
  • This quiz has been taken 153 times
  • The average score is 11 of 20
Answer Stats
Picture Answer % Correct
Gato
95%
Perro
94%
Caballo
84%
Vaca
81%
Tigre
78%
Pez
73%
Lobo
65%
Mariposa
59%
Tiburón
59%
Serpiente
57%
Araña
54%
Gallo
48%
Abeja
44%
Delfín
43%
Ballena
41%
Zorro
38%
Águila
37%
Hormiga
35%
Flamenco
29%
Bisonte
11%
No matching quizzes found
Score Distribution
Percent of People with Each Score
Percentile by Number Answered
Your Score History
You have not taken this quiz